=LDR 00000nam 2200000 4500 =001 INLIS000000000008689 =005 20130612100526 =008 ***********************************Ind** =035 ##$$0010-061300000008689 =041 ##$$a Ind =082 ##$$a 372.807 6 =090 ##$$a 372.807 6, Sol s =245 ##$$a Soal dan Evaluasi IPs jil 4 kla vi =260 ##$$a 1999 $b Semarang =300 ##$$a v, 93 hlm, Ilus, 30 cm =650 ##$$a IPS - Ujian, Soal